|
|
|
|
| LEADER |
00856nam a22002411i 4500 |
| 001 |
c000337396 |
| 003 |
CARM |
| 005 |
00000000000000.0 |
| 008 |
820513s1974 gw d 00100 eng |
| 015 |
|
|
|a GFR***
|
| 019 |
1 |
|
|a 2221379
|5 LACONCORD2021
|
| 020 |
|
|
|a 3431016065
|
| 035 |
|
|
|a (OCoLC)1396240
|5 LACONCORD2021
|
| 050 |
0 |
0 |
|a PN41
|b .H35
|
| 245 |
0 |
0 |
|a Handlexikon zur Literaturwissenschaft /
|c hrsg. von Deither Krywalski.
|
| 260 |
|
|
|a München :
|b F. Ehrenwirth,
|c [1974]
|
| 300 |
|
|
|a 543 p. ;
|c 24 cm.
|
| 500 |
|
|
|a Includes indexes.
|
| 650 |
|
0 |
|a Literature
|x Dictionaries.
|
| 700 |
1 |
|
|a Krywalski, Diether,
|d 1935-
|
| 852 |
8 |
|
|b CARM
|h A1:AM31F0
|i C10238
|p 0438423
|f BK
|
| 999 |
f |
f |
|i 99115356-711e-5dd4-a4a6-2f14f5af938b
|s 47c9a407-d699-503c-95da-50209e30a7f5
|
| 952 |
f |
f |
|p Can circulate
|a CAVAL
|b CAVAL
|c CAVAL
|d CARM 1 Store
|e C10238
|f A1:AM31F0
|h Other scheme
|i book
|m 0438423
|